000 nam a22 7a 4500
999 _c10323
_d10323
008 180213b ||||| |||| 00| 0 eng d
100 _aGupta, R
_96283
245 _aCTET, STETS Paper -I
260 _aNew Delhi
_bRamesh Publication
_c2014